Материалы по истории космического корабля "Восток" : (Record no. 38322)
[ view plain ]
| 000 -LEADER | |
|---|---|
| fixed length control field | 01272nam a22002417a 4500 |
| 001 - CONTROL NUMBER | |
| control field | 000117075 |
| 003 - CONTROL NUMBER IDENTIFIER | |
| control field | AM-YEHGA |
| 005 - DATE AND TIME OF LATEST TRANSACTION | |
| control field | 20250617122503.0 |
| 008 - FIXED-LENGTH DATA ELEMENTS--GENERAL INFORMATION | |
| fixed length control field | 950417s1991 ru ||||| |||||||| 0 rus d |
| 020 ## - INTERNATIONAL STANDARD BOOK NUMBER | |
| International Standard Book Number | 5020002380 |
| 040 ## - CATALOGING SOURCE | |
| Original cataloging agency | AM-YeHGA |
| 041 0# - LANGUAGE CODE | |
| Language code of text/sound track or separate title | rus |
| 090 ## - LOCALLY ASSIGNED LC-TYPE CALL NUMBER (OCLC); LOCAL CALL NUMBER (RLIN) | |
| -- | 38939 |
| 100 1# - MAIN ENTRY--PERSONAL NAME | |
| Personal name | Бирюков, Ю.В. |
| 245 10 - TITLE STATEMENT | |
| Title | Материалы по истории космического корабля "Восток" : |
| Remainder of title | К 30-летию первого полета человека в космическое пространство / |
| Statement of responsibility, etc. | АН СССР, Комис. по разраб. науч. наследия пионеров освоения космич. пространства ; [Ред.-сост. Ю.В. Бирюков]. |
| 260 ## - PUBLICATION, DISTRIBUTION, ETC. | |
| Place of publication, distribution, etc. | Москва : |
| Name of publisher, distributor, etc. | Наука, |
| Date of publication, distribution, etc. | 1991. |
| 300 ## - PHYSICAL DESCRIPTION | |
| Extent | 214,[2] с. |
| Other physical details | ил. ; |
| Dimensions | 22 см. |
| 650 14 - SUBJECT ADDED ENTRY--TOPICAL TERM | |
| Topical term or geographic name entry element | Космические летательные аппараты |
| 650 14 - SUBJECT ADDED ENTRY--TOPICAL TERM | |
| Topical term or geographic name entry element | Космонавтика в СССР - История |
| 650 14 - SUBJECT ADDED ENTRY--TOPICAL TERM | |
| Topical term or geographic name entry element | Межпланетные полеты |
| 710 2# - ADDED ENTRY--CORPORATE NAME | |
| Corporate name or jurisdiction name as entry element | Академия наук СССР. |
| Subordinate unit | Комиссия по разработке научного наследия пионеров освоения космического пространства |
| 942 ## - ADDED ENTRY ELEMENTS (KOHA) | |
| Source of classification or shelving scheme | Universal Decimal Classification |
| Koha item type | Գրքեր / Books |
| Withdrawn status | Lost status | Source of classification or shelving scheme | Damaged status | Not for loan | Collection | Home library | Current library | Date acquired | Total checkouts | Full call number | Barcode | Date last seen | Price effective from | Koha item type | Public note |
|---|---|---|---|---|---|---|---|---|---|---|---|---|---|---|---|
| Universal Decimal Classification | General | Fundamental Scientific Library | Fundamental Scientific Library | 21/12/2016 | PII/636172 | 120636172 | 21/12/2016 | 21/12/2016 | Գրքեր / Books | 30 Days Loan |
ՀՀ Գիտությունների ազգային ակադեմիայի հիմնարար գիտական գրադարան = Fundamental Scientific Library of NAS RA
All site content, except where otherwise noted, is licensed under a